00387nam a2200109Ia 4500082001700000245004600017100005300063942000700116008004100123999001700164952009600181 aJ 709.68 LEE 0aGeorge Pemba : the painter of the people  a LEE, Donve Gallo Manor, 2006 1st ed 919111 cBK210817s9999 xx 000 0 und d c85536d85533 00104070aKHULLbKHULLd2021-08-17g309.00l0p33228019666559r2021-08-17w2021-08-17yBK